Greece regions - Statistics

General Stats
  • This quiz has been taken 5 times
  • The average score is 6 of 13
Answer Stats
Answer % Correct
Crete
80%
Thessaly
80%
Attica
60%
Peloponnese
60%
Western Macedonia
60%
Central Greece
40%
Central Macedonia
40%
Epirus
40%
Ionian Islands
40%
Western Greece
40%
Eastern Macedonia and Thrace
20%
North Aegean
20%
South Aegean
20%
No matching quizzes found
Score Distribution
Percent of People with Each Score
Percentile by Number Answered
Your Score History
You have not taken this quiz